Costa Rica y Colombia de 1573 a 1881 (Record no. 49573)

MARC details
000 -LEADER
campo de control de longitud fija 00573nam a2200145 i 4500
001 - NÚMERO DE CONTROL
campo de control 49573
003 - IDENTIFICADOR DE NÚMERO DE CONTROL
campo de control ES-MaACL
007 - CAMPO FIJO DE DESCRIPCIÓN FÍSICA--INFORMACIÓN GENERAL
campo de control de longitud fija t|
008 - DATOS DE LONGITUD FIJA--INFORMACIÓN GENERAL
campo de control de longitud fija 030718s1886 sp ||||1| spa d
245 00 - MENCIÓN DEL TÍTULO
Título Costa Rica y Colombia de 1573 a 1881
Resto del título : su jurisdicción y sus límites territoriales según los documentos inéditos del Archivo de Indias de Sevilla /
Mención de responsabilidad, etc. recogidos y publicados por Manuel M. de Peralta.
260 ## - PUBLICACIÓN, DISTRIBUCIÓN, ETC.
Lugar de publicación, distribución, etc. Madrid :
Nombre del editor, distribuidor, etc. [s.n.],
Fecha de publicación, distribución, etc. 1886 (
Fabricante Manuel G. Hernández)
300 ## - DESCRIPCIÓN FÍSICA
Extensión VII, 408 p., 2 map. ;
Dimensiones 23 cm.
700 1# - ENTRADA AGREGADA--NOMBRE PERSONAL
Nombre de persona Peralta, Manuel M.
9 (RLIN) 90377
852 ## - LOCALIZACIÓN
Ubicación ES-MaACL
Número de control de estantería G-11448
Holdings
Estatus retirado Estado de pérdida Estado de daño No para préstamo Colección Biblioteca de origen Biblioteca actual Ubicación en estantería Fecha de adquisición Fuente de adquisición Total de préstamos Signatura topográfica completa Código de barras Visto por última vez Precio de reemplazo Tipo de ítem Koha
        Libros del s. XIX Biblioteca del Ateneo de Madrid Biblioteca del Ateneo de Madrid Sala Pecera Planta 3 17/01/2008     G-11448 1052163 23/02/2023 23/02/2023 Libro impreso antiguo